| 000 | 00502nam a2200169 a 4500 | ||
|---|---|---|---|
| 005 | 20140412111300.0 | ||
| 008 | 000904s19uu xx 00 eng d | ||
| 020 | _a0-19-831794-8 | ||
| 050 |
_aREF 912 _bO93 1996 |
||
| 245 | _aThe Oxford first atlas (ages 7-9). | ||
| 260 |
_aOxford : _bOxford University Press, _c1996. |
||
| 300 | _a48 p. | ||
| 500 | _aIncludes index | ||
| 520 | _aThe Oxford First Atlas is a bright and informative atlas for 7-9 years olds. | ||
| 650 | _aAtlas | ||
| 999 |
_c103350 _d103350 |
||